| 000 | 00584nam a22001697a 4500 | ||
|---|---|---|---|
| 003 | NUST | ||
| 038 | _aMr. Zahoor | ||
| 082 | _a620.1 | ||
| 100 |
_aMuhammad Zubair Iqbal _915942 |
||
| 245 |
_aNUMERICAL SIMULATION AND EXPERIMENTATION TO STUDY THE CHOPPING EFFECT OF RPG-7 ROUND FOR DESIGN OF SLAT ARMOR / _cMuhammad Zubair Iqbal |
||
| 260 |
_aIslamabad : _bSMME - NUST, _c2016. |
||
| 300 | _axiii, 56 p. ; ill. : | ||
| 500 | _aHardcover. | ||
| 600 |
_aMechanical Engineering - MS Thesis _915652 |
||
| 856 | _uhttp://10.250.8.41:8080/xmlui/handle/123456789/38766 | ||
| 942 |
_2ddc _cTHE |
||
| 999 |
_c525195 _d525195 |
||